UBT Library

CARING FOR YOUR BABY AND YOUNG CHILD (Record no. 59435)

000 -LEADER
fixed length control field 00350nam a22001457a 4500
008 - FIXED-LENGTH DATA ELEMENTS--GENERAL INFORMATION
fixed length control field 230324b ||||| |||| 00| 0 eng d
020 ## - INTERNATIONAL STANDARD BOOK NUMBER
International Standard Book Number 055338290
041 ## - LANGUAGE CODE
Language code of text/sound track or separate title eng
080 ## - UNIVERSAL DECIMAL CLASSIFICATION NUMBER
Edition identifier REVISED EDITION
Universal Decimal Classification number 616.53
082 ## - DEWEY DECIMAL CLASSIFICATION NUMBER
Classification number 616.53SHEL
100 ## - Rafti
Rafti 14
101 ## - Shkurtesa
Shkurtesa PEDI
245 ## - TITLE STATEMENT
Title CARING FOR YOUR BABY AND YOUNG CHILD
Statement of responsibility, etc SHELOV.P.S
942 ## - ADDED ENTRY ELEMENTS (KOHA)
Source of classification or shelving scheme
Item type Books
Holdings
Withdrawn status Lost status Source of classification or shelving scheme Damaged status Not for loan Collection code Permanent location Current location Date acquired Total Checkouts Full call number Barcode Date last seen Price effective from Koha item type
          Koleksioni i përgjithshem UBT - Lipjan UBT - Lipjan 03/24/2023   616.53SHE 002-8000301 03/24/2023 03/24/2023 Books
UBT Library © 2015-2024. All rights reserved University Education for Business and Technology